000 00322pab a2200133 454500
008 180718b1986 xxu||||| |||| 00| 0 eng d
100 _aMunjee, Nasser
245 _aConceptualising a viable housing finance system
260 _c1986
300 _a47-50
650 _aHousing - Finance
773 _aCapital
909 _a9880
999 _c9880
_d9880